000
00293nam a22001337a 4500
008
171122b xxu||||| |||| 00| 0 eng d
020
_a
9780470831649
041
_a
eng
080
_a
336
100
_a
52
101
_a
MEN
245
_a
INTERMEDIATE ACCOUTING
_c
IRENE.M.W
942
_2
udc
_c
BK
999
_c
38298
_d
38298